[Event "Szolnok Agora op 2nd"]
[Site "Szolnok"]
[Date "2023.06.30"]
[Round "4"]
[White "Schmied, Erik Rajmund"]
[Black "Nagy, Gabor2222"]
[Result "1-0"]
[WhiteElo "1582"]
[BlackElo "1853"]
[PlyCount "91"]
[EventDate "2023.06.29"]
[EventType "swiss"]
[EventRounds "7"]
[EventCountry "HUN"]
[SourceTitle "EXT 2024"]
[Source "ChessBase"]
[SourceDate "2023.10.10"]
[SourceVersion "1"]
[SourceVersionDate "2023.10.10"]
[SourceQuality "1"]

1. d4 Nf6 2. Nf3 g6 3. Bf4 Bg7 4. e3 0-0 5. h3 b6 6. Bd3 Bb7 7. Nbd2 d6 8. 0-0 Nbd7 9. Qe2 Nd5 10. Bg3 Nb4 11. a3 Nxd3 12. cxd3 e5 13. Nb3 Re8 14. dxe5 dxe5 15. Rfd1 c5 16. e4 Qe7 17. Nfd2 Rad8 18. a4 a5 19. Nc4 Qe6 20. Qc2 Nb8 21. Na3 Na6 22. Qc4 Nb4 23. Qxe6 Rxe6 24. f3 Rxd3 25. Rxd3 Nxd3 26. Rd1 Nxb2 27. Rd8+ Bf8 28. Nd2 Ba6 29. Ra8 Bd3 30. f4 Kg7 31. fxe5 c4 32. Ndb1 Bb4 33. Rc8 Nxa4 34. Nxc4 Bxb1 35. Nd6 Re7 36. Ne8+ Kh6 37. Nf6 g5 38. h4 Bc5+ 39. Kh2 Be3 40. Ng8+ Kh5 41. Nxe7 gxh4 42. Bxh4 Bxe4 43. Kh3 Bc5 44. g4+ Kh6 45. Ng8+ Kg6 46. Nf6 1-0